Carlomagno en Roncesvalles (Record no. 106257)

MARC details
000 -LEADER
campo de control de longitud fija 00721nam a2200205 i 4500
001 - NÚMERO DE CONTROL
campo de control 106257
003 - IDENTIFICADOR DE NÚMERO DE CONTROL
campo de control ES-MaACL
005 - FECHA Y HORA DE LA ÚLTIMA TRANSACCIÓN
campo de control 20231222063047.0
007 - CAMPO FIJO DE DESCRIPCIÓN FÍSICA--INFORMACIÓN GENERAL
campo de control de longitud fija t|
008 - DATOS DE LONGITUD FIJA--INFORMACIÓN GENERAL
campo de control de longitud fija 061017s2005 sp ||||1| spa d
080 ## - NÚMERO DE LA CLASIFICACIÓN DECIMAL UNIVERSAL
Número de la Clasificación Decimal Universal 355.48(460)"0778"
100 1# - ENTRADA PRINCIPAL--NOMBRE DE PERSONA
Nombre de persona García Pérez, Guillermo,
Fechas asociadas al nombre 1942-
9 (RLIN) 55106
245 10 - MENCIÓN DEL TÍTULO
Título Carlomagno en Roncesvalles
Resto del título : un error militar viario /
Mención de responsabilidad, etc. Guillermo García Pérez.
260 ## - PUBLICACIÓN, DISTRIBUCIÓN, ETC.
Lugar de publicación, distribución, etc. [S.l. :
Nombre del editor, distribuidor, etc. s.n.,
Fecha de publicación, distribución, etc. 2005]
300 ## - DESCRIPCIÓN FÍSICA
Extensión p. 11-34 :
Otras características físicas il. ;
Dimensiones 30 cm.
500 ## - NOTA GENERAL
Nota general Ejemplar fotocopiado del artículo de la revista: El Nuevo Miliario, nº 1, diciembre, 2005.
650 14 - PUNTO DE ACCESO ADICIONAL DE MATERIA--TÉRMINO DE MATERIA
Término de materia o nombre geográfico como elemento de entrada Roncesvalles, Batalla de, 778.
9 (RLIN) 16952
852 ## - LOCALIZACIÓN
Ubicación ES-MaACL
Número de control de estantería 2206-F-42
Sublocalización o colección R.138029
Holdings
Estatus retirado Estado de pérdida Estado de daño No para préstamo Colección Biblioteca de origen Biblioteca actual Ubicación en estantería Fecha de adquisición Fuente de adquisición Total de préstamos Signatura topográfica completa Código de barras Visto por última vez Precio de reemplazo Tipo de ítem Koha
        Colección de folletos Biblioteca del Ateneo de Madrid Biblioteca del Ateneo de Madrid Depósito folletos 17/01/2008     2206-F-42 1110924 23/02/2023 23/02/2023 Folleto